Noms des habitants des communes commençant par "Saint" - Statistiques

Statistiques générales
  • Ce quiz a été pris 14 fois
  • Le résultat moyen est 4 sur 16
Statistiques - réponses
Hint Réponse % Correct
Saint-Étienne Stéphanois
79%
Saint-Tropez Tropéziens
79%
Saint-Brieuc Briochins
64%
Saint-Malo Malouins
57%
Saint-Raphaël Raphaëlois
36%
Saint-Nazaire Nazairiens
21%
Saint-Denis (93) Dyonisiens
14%
Saint-Jean-de-Luz Luziens
7%
Saint-Cyr-sur-Mer Saint-Cyriens
7%
Saint-Omer Audomarois
0%
Saint-Chély-d'Apcher Barrabands
0%
Saint-Germain-en-Laye Saint-Germanois
0%
Saint-Jean-Cap-Ferrat Saint-Jeannois
0%
Saintes-Maries-de-la-Mer Saintois
0%
Saint-Rémy-de-Provence Saint-Rémois
0%
Saint-Priest San-Priots
0%
Aucun quiz correspondant
Distribution des résultats
% des personnes avec chaque résultat
Percentile par nombre de réponses
Votre historique - résultats
Vous n’avez pas pris ce quiz